| 000 | 00499nam a22001817a 4500 | ||
|---|---|---|---|
| 005 | 20251108163348.0 | ||
| 008 | 250721s1993 xx 000 0 ara d | ||
| 082 | 1 | 4 | _a214.2/محم |
| 100 | 1 | _aالصايم، محمد | |
| 245 | 1 | 0 | _aالمبشرون بالنار / |
| 264 | 1 |
_aالقاهرة : _bدار الفضيلة، _c1993. |
|
| 300 | _a93ص. | ||
| 650 | 1 | 7 | _aأصول الدين الإسلامي |
| 650 | 1 | 7 | _aاليوم الآخر |
| 650 | 1 | 7 | _aجهنم |
| 942 |
_2ddc _cBK |
||
| 999 |
_c778 _d778 |
||